|
|
|
|
| LEADER |
00000nab a2200000 ar4500 |
| 001 |
vtls008995531 |
| 003 |
SK-MaSNL |
| 005 |
20260303044220.0 |
| 008 |
070604c2006 xo er|p|||||||000 b|slo |
| 015 |
|
|
|a SNBRB2007/06
|2 snkbucl
|
| 038 |
|
|
|a SNKBUCL
|
| 040 |
|
|
|a SNKBUCL
|b slo
|c SNKBUCL
|e AACR2
|
| 041 |
0 |
|
|a slo
|
| 044 |
|
|
|a xo
|c SK
|
| 080 |
|
|
|a 336.7-051
|2 2001
|
| 080 |
|
|
|a 177.7-051
|2 2001
|
| 100 |
1 |
|
|a Kráľovič, Peter
|4 aut
|9 278458
|
| 245 |
1 |
0 |
|a Guru investovania
|b akosa z mizantropa Warrena Buffetta stal filantrop
|c Peter Kráľovič
|
| 300 |
|
|
|b Fotogr., tab.
|
| 600 |
1 |
7 |
|a Buffett, Warren,
|d 1930-
|2 snkbucl
|9 183791
|
| 773 |
0 |
|
|t Profit
|g Č. 18 (2006), s. 34-35
|x 1335-4620
|
| 852 |
|
|
|a SNK
|b KIS3GCP
|
| 958 |
|
|
|a BC
|
| 958 |
|
|
|a US
|
| 999 |
|
|
|c 1699621
|d 1701551
|